[Event "Rhein Main op-B 25th"]
[Site "Bad Homburg"]
[Date "2023.06.07"]
[Round "1"]
[White "Bahlo, Alondra"]
[Black "Wesener, Joachim"]
[Result "0-1"]
[WhiteElo "1281"]
[BlackElo "1697"]
[PlyCount "90"]
[EventDate "2023.06.07"]
[EventType "swiss"]
[EventRounds "7"]
[EventCountry "GER"]
[SourceTitle "CBM 215 Extra"]
[Source "ChessBase"]
[SourceDate "2023.09.30"]
[SourceVersion "1"]
[SourceVersionDate "2023.09.30"]
[SourceQuality "1"]

1. Nf3 g6 2. d3 Bg7 3. g3 c6 4. Bg2 d6 5. Nbd2 e5 6. 0-0 Ne7 7. c3 Na6 8. Nb3 h6 9. Re1 0-0 10. e4 Be6 11. d4 Qc7 12. Qc2 Rad8 13. Be3 b6 14. Rad1 Bc8 15. Bd2 c5 16. d5 g5 17. h3 f5 18. Nh2 c4 19. Nc1 fxe4 20. Bxe4 Nc5 21. Bg2 Bf5 22. Be4 Nxe4 23. Rxe4 Bxe4 24. Qxe4 b5 25. Ng4 Qd7 26. Rf1 Qf5 27. Qxf5 Nxf5 28. a3 Kh7 29. Na2 a5 30. Rb1 Rb8 31. b3 Kg6 32. Nh2 Ne7 33. b4 a4 34. Be1 e4 35. Rb2 Rbe8 36. Rd2 h5 37. Nf1 Nf5 38. Ne3 Nxe3 39. fxe3 Rf5 40. g4 hxg4 41. hxg4 Rf3 42. Bf2 Rh8 43. Rd1 Be5 44. Kg2 Rh2+ 45. Kg1 Rfxf2 0-1